Schule der magischen Tiere - Tiere zuordnen - Statistiken

Allgemein
  • Dieses Quiz wurde 270 mal gespielt
  • Das Durchschnittsergebnis liegt bei 16 aus 26
Antwortstatistiken
Hint Antwort % Korrekt
Ida Rabbat
98%
Benni Henrietta
92%
Jo Juri
88%
Silas Rick
80%
Silas Rick
80%
Anna-Lena Caspar
77%
Helene Karajan
73%
Max Muriel
65%
Franka Cooper
63%
Hatice Mette-Maja
63%
Schoki Peperoni
62%
Mr. Morrison Pinkie
62%
Henry Leander
60%
Eddie Eugenia
59%
Yannik Tingo
54%
Luna Salim
52%
Elisa Silber
52%
Ronja Toffi
52%
Zack Zeki
52%
Anthony Madonna
51%
Finja Sidney
50%
Eisbär Murphy
48%
Katinka Polly
48%
Spinne Agent Y
44%
Lothar William
41%
Miriam Fitzgeraldo
29%
Keine übereinstimmenden Quizze gefunden
Verteilung der Resultate
Anzahl Personen mit jedem Resultat
Perzentil nach korrekt beantworteten Fragen
Ihre Resultats-Entwicklung
Sie haben dieses Quiz noch nicht gespielt